000 00733cab a2200241 4500
001 WB3402-21
008 090401t1998 xxu||||| |||| 00| 0 eng d
035 _a(Sirsi) u83083
041 _aeng
245 _aTest case to Lords
260 _c1998
350 _a0
490 _aHousing Today
_v(65) 8 January 1998, 4(1)
520 _aA test case judgment in the House of Lords is expected over what happens to a tenancy and the rights of landlords after a married couple - the tenants - divorce.
650 _aDIVORCE
650 _aHOUSE OF LORDS
650 _aJOINT TENANCY
650 _aLANDLORD AND TENANT
_96252
650 _aTEST CASE
690 _aPROPERTY-LANDLORD AND TENANT
942 _n0
948 _c13/01/1998
999 _c52484
_d52484